| 000 | 00418nam a22001697a 4500 | ||
|---|---|---|---|
| 005 | 20160625094127.0 | ||
| 008 | 160625b xxu||||| |||| 00| 0 eng d | ||
| 020 | _a981-240-362-0 | ||
| 041 | _aeng | ||
| 082 | _b9908 | ||
| 100 |
_aParran, Stanlay J and Davis, Dennis K _92707 |
||
| 245 | _aMass Communication Theory | ||
| 260 |
_bThomson _c2002 |
||
| 300 | _a366 | ||
| 650 |
_aMass Communication _92660 |
||
| 942 | _cBK | ||
| 999 |
_c3897 _d3896 |
||